Ekonómia zdravotníckych služieb

Na minha lista:
Detalhes bibliográficos
Autor principal: Murgaš, Milan
Formato: Livro
Idioma:eslovaco
Publicado em: Banská Bystrica Ekonomická fakulta Univerzity Mateja Bela 2004
Assuntos:
Tags: Adicionar Tag
Sem tags, seja o primeiro a adicionar uma tag!

MARC

LEADER 00000nam$a2200000$$$4500
001 0042321
005 20240314091118.9
020 |a 80-8055-891-4 
041 0 |a slo 
044 |a SK 
245 1 0 |a Ekonómia zdravotníckych služieb  |c Milan Murgaš 
264 1 |a Banská Bystrica  |b Ekonomická fakulta Univerzity Mateja Bela  |c 2004 
300 |a 169 s. 
610 2 0 |a zdravotníctvo 
610 2 0 |a služby 
610 2 0 |a starostlivosť zdravotná 
610 2 0 |a ceny 
610 2 0 |a poplatky 
610 2 0 |a ekonómia 
100 1 |a Murgaš, Milan